Structural and morphological features of the ultrasound-assisted micro-arc oxidation coatings; AIP Conference Proceedings; Vol. 2167 : Advanced Materials with Hierarchical Structure for New Technologies and Reliable Structures 2019 (AMHS'19)
| Parent link: | AIP Conference Proceedings Vol. 2167 : Advanced Materials with Hierarchical Structure for New Technologies and Reliable Structures 2019 (AMHS'19).— 2019.— [020156, 4 p.] |
|---|---|
| Hovedforfatter: | |
| Institution som forfatter: | |
| Andre forfattere: | , |
| Summary: | Title screen Studying the influence of ultrasound (US) treatment during the micro-arc oxidation (MAO) process on the structural and morphological features of the calcium phosphate coatings deposited on titanium surface has been performed. The coatings with hierarchical gradient layer-by-layer structure were formed during the US-assisted MAO process. Transmission of the US waves through the electrolyte during the MAO process led to the increase of the coating thickness, to the formation of the local macropores in the boundary layer, and to the destruction of the structural elements and filling of pore spaces by fragments on the coating surface. Режим доступа: по договору с организацией-держателем ресурса |
| Sprog: | engelsk |
| Udgivet: |
2019
|
| Fag: | |
| Online adgang: | https://doi.org/10.1063/1.5132023 |
| Format: | MixedMaterials Electronisk Book Chapter |
| KOHA link: | https://koha.lib.tpu.ru/cgi-bin/koha/opac-detail.pl?biblionumber=661501 |
MARC
| LEADER | 00000naa2a2200000 4500 | ||
|---|---|---|---|
| 001 | 661501 | ||
| 005 | 20260209133741.0 | ||
| 035 | |a (RuTPU)RU\TPU\network\32114 | ||
| 035 | |a RU\TPU\network\32113 | ||
| 090 | |a 661501 | ||
| 100 | |a 20191230d2019 k||y0rusy50 ba | ||
| 101 | 0 | |a eng | |
| 135 | |a drcn ---uucaa | ||
| 181 | 0 | |a i | |
| 182 | 0 | |a b | |
| 200 | 1 | |a Structural and morphological features of the ultrasound-assisted micro-arc oxidation coatings |f E. A. Kazantseva, E. G. Komarova, Yu. P. Sharkeev | |
| 203 | |a Text |c electronic | ||
| 300 | |a Title screen | ||
| 320 | |a [References: 6 tit.] | ||
| 330 | |a Studying the influence of ultrasound (US) treatment during the micro-arc oxidation (MAO) process on the structural and morphological features of the calcium phosphate coatings deposited on titanium surface has been performed. The coatings with hierarchical gradient layer-by-layer structure were formed during the US-assisted MAO process. Transmission of the US waves through the electrolyte during the MAO process led to the increase of the coating thickness, to the formation of the local macropores in the boundary layer, and to the destruction of the structural elements and filling of pore spaces by fragments on the coating surface. | ||
| 333 | |a Режим доступа: по договору с организацией-держателем ресурса | ||
| 461 | 1 | |0 (RuTPU)RU\TPU\network\4816 |t AIP Conference Proceedings | |
| 463 | 1 | |0 (RuTPU)RU\TPU\network\31884 |t Vol. 2167 : Advanced Materials with Hierarchical Structure for New Technologies and Reliable Structures 2019 (AMHS'19) |o Proceedings of the International Conference, 1–5 October 2019, Tomsk, Russia |f National Research Tomsk Polytechnic University (TPU) ; Institute of Strength Physics and Materials Science SB RAS (Russia) ; eds. V. E. Panin ; S. G. Psakhie ; V. M. Fomin |v [020156, 4 p.] |d 2019 | |
| 610 | 1 | |a электронный ресурс | |
| 610 | 1 | |a труды учёных ТПУ | |
| 610 | 1 | |a структурно-морфологические особенности | |
| 610 | 1 | |a покрытия | |
| 610 | 1 | |a обработка | |
| 610 | 1 | |a фосфат кальция | |
| 610 | 1 | |a титан | |
| 610 | 1 | |a поверхности | |
| 700 | 1 | |a Kazantseva |b E. A. | |
| 701 | 1 | |a Komarova |b E. G. | |
| 701 | 1 | |a Sharkeev |b Yu. P. |c physicist |c Professor of Tomsk Polytechnic University, Doctor of physical and mathematical sciences |f 1950- |g Yury Petrovich |3 (RuTPU)RU\TPU\pers\32228 |9 16228 | |
| 712 | 0 | 2 | |a Национальный исследовательский Томский политехнический университет |b Исследовательская школа физики высокоэнергетических процессов |c (2017- ) |3 (RuTPU)RU\TPU\col\23551 |
| 801 | 2 | |a RU |b 63413507 |c 20191230 |g RCR | |
| 856 | 4 | |u https://doi.org/10.1063/1.5132023 | |
| 942 | |c CF | ||